The Last of Us Quiz - Statistics

General Stats
  • This quiz has been taken 165 times
  • The average score is 8 of 15
Answer Stats
Question Answer % Correct
What is Joel's last name? Miller
96%
What is the name of the disease that causes the apocalypse Cordyceps
89%
Do you like the Last of Us Yes
89%
There are four stages of the infection, which pairs of stages are correct? Runners, Stalkers, Clickers, Bloaters
85%
What is Joel and Ellie's rout around the United States? Pittsburgh, Wyoming, Colorado, Salt Lake City
81%
When does the game take place? (excluding Hometown) 2033
74%
After Joel, Ellie, and Tess escape the soldiers, they go into an abandoned skyscraper. What is the name of the skyscraper The Goldstone Building
56%
How many firefly pendants are in the game? 30
52%
In the DLC Left Behind, Ellie plays an imaginary video game, what is the name of the character she plays as in the game? Angel Knives
52%
In what chapter do you usually find the scoped revolver? (El Diablo) Tommy's Dam
44%
How many chapters are there? 12
37%
What is the game's IGN rating? (Not the remastered) 10/10
30%
How many trophies are there in the Remastered version of the game 50
30%
In the intro scene between Sarah's death and 20 Years Later, what city is first to go under martial law? Los Angeles
26%
Which one of these are TLOU famous quotes Just one peaceful night; A clean conscience...All gone
7%
No matching quizzes found
Score Distribution
Percent of People with Each Score
Percentile by Number Answered
Your Score History
You have not taken this quiz